Kniha ... zborník pre problémy a dejiny knižnej kultúry na Slovensku
| Ďalší autori: | , , , , , , , , , |
|---|---|
| Médium: | Seriál |
| Jazyk: | slovenčina čeština nemčina angličtina |
| Fyzický popis: | 38 zv. 23-24 cm Od r. 2024 online vydanie: Kniha (Online) = 2989-4158 |
| Vydavateľské údaje: |
Martin
Matica slovenská
1974-2023
Martin Slovenská národná knižnica |
| ISBN: | 8089023053 (brož. : r. 1999/2000) 8089023193 (brož. : r. 2001/2002) 8089023428 (brož. : r. 2003/2004) 808902355X (brož. : r. 2005) 8089023819 (brož. : r. 2006) 9788089023974 (brož. : r. 2007) 9788089301225 (brož. : r. 2008) 9788089301386 (brož. : r. 2009) 8070905697 (brož. : r. 1997/1998) 9788089301607 (brož. : r. 2010) 9788089301799 (brož. : r. 2011) 9788089301966 (brož. : r. 2012) 9788081490187 (brož. : r. 2013) 8070902515 (brož. : r. 1991/1992) 807090397X (brož. : r. 1993/1994) 8070904550 (brož. : r. 1995/1996) 8070900059 (brož. : r. 1989) 8070900571 (brož. : r. 1990) 9788081490378 (brož. : r. 2014) 9788081490569 (brož. : r. 2015) 9788081490729 (brož. : r. 2016) 9788081490873 (brož. : r. 2017) 9788081491207 (brož. : r. 2019) 9788081491382 (brož. : r. 2020) 9788081491498 (brož. : r. 2021) 9788081491573 (brož. : r. 2022) 9788081491658 (brož. : r. 2023) |
| ISSN: | 1336-5436 2989-4158 |
| Edícia: | Teória a výskum. Vedecké zborníky
|
| Predmet: | |
| On-line prístup: | https://casopiskniha.snk.sk/ |
MARC
| LEADER | 00000cas a2200000 a 4500 | ||
|---|---|---|---|
| 001 | vtls001473067 | ||
| 005 | 20260323130452.0 | ||
| 008 | 101004d19742023xo ar 0 0b0slo | ||
| 015 | |a SNB2005/02-00408 (r. 2001/2002) |a SNB2006/03-00879 (r. 2003/2004) |a SNB2006/03-00880 (r. 2005) |a SNB2007/03-01056 (r. 2006) |a SNB2008/01-00272 (r. 2007) |a SNB2009/01-00228 (r. 2008) |a SNB2010/03-01646 (r. 2009) |a SNB2011/02-01195 (r. 2010) |a SNB2012/03-00618 (r. 2011) |a SNB2013-(r. 2012) |a SNB2014-(r. 2013) |a SNB2015-(r. 2014) |a SNB2016-(r. 2015) |a SNB2017-(r. 2016) |a SNB2019-(r. 2017, r. 1997/1998) |a SNB2020-(r. 2019) |a SNB2021-(r. 2020) |a SNB2022-(r. 2021) |a SNB2023-(r. 2022) |a SNB2024-(r. 2023) | ||
| 015 | |a SNBA1978 (r. 1975) |a SNBA1980 (r. 1977) |a SNBA1981 (r. 1978) |a SNBA1982/02 (r. 1979/1980) |a SNBA1984/01 (r. 1982) |a SNBA1986/07 (r. 1984/1985) |a SNBA1988/05 (r. 1987) |a SNBA1989/02 (r. 1988) |a SNBA1991/01 (r. 1990) |a SNBA1994/02 (r. 1991/1992) |a SNBA1997/0701923 (r.1993/1994) |a SNBA1999/06-02087 (r. 1995/1996) |a SNBA2002/05-01810 (r. 1999/2000) | ||
| 020 | |a 8089023053 (brož. : r. 1999/2000) | ||
| 020 | |a 8089023193 (brož. : r. 2001/2002) | ||
| 020 | |a 8089023428 (brož. : r. 2003/2004) | ||
| 020 | |a 808902355X (brož. : r. 2005) | ||
| 020 | |a 8089023819 (brož. : r. 2006) | ||
| 020 | |a 9788089023974 (brož. : r. 2007) | ||
| 020 | |a 9788089301225 (brož. : r. 2008) | ||
| 020 | |a 9788089301386 (brož. : r. 2009) | ||
| 020 | |a 8070905697 (brož. : r. 1997/1998) | ||
| 020 | |a 9788089301607 (brož. : r. 2010) | ||
| 020 | |a 9788089301799 (brož. : r. 2011) | ||
| 020 | |a 9788089301966 (brož. : r. 2012) | ||
| 020 | |a 9788081490187 (brož. : r. 2013) | ||
| 020 | |a 8070902515 (brož. : r. 1991/1992) | ||
| 020 | |a 807090397X (brož. : r. 1993/1994) | ||
| 020 | |a 8070904550 (brož. : r. 1995/1996) | ||
| 020 | |a 8070900059 (brož. : r. 1989) | ||
| 020 | |a 8070900571 (brož. : r. 1990) | ||
| 020 | |a 9788081490378 (brož. : r. 2014) | ||
| 020 | |a 9788081490569 (brož. : r. 2015) | ||
| 020 | |a 9788081490729 (brož. : r. 2016) | ||
| 020 | |a 9788081490873 (brož. : r. 2017) | ||
| 020 | |a 9788081491207 (brož. : r. 2019) | ||
| 020 | |a 9788081491382 (brož. : r. 2020) | ||
| 020 | |a 9788081491498 (brož. : r. 2021) | ||
| 020 | |a 9788081491573 (brož. : r. 2022) | ||
| 020 | |a 9788081491658 (brož. : r. 2023) | ||
| 022 | |a 1336-5436 | ||
| 035 | |a SNK000428369 | ||
| 040 | |a SNK |b slo |c SNK |d SAVUK |d SNK |e AACR2 | ||
| 041 | 0 | |a slo |a cze |a ger |a eng |b ger |b eng |b slo | |
| 043 | |a e-xo--- | ||
| 044 | |a xo |c SK | ||
| 072 | 7 | |a 930.85 |x Dejiny civilizácie. Kultúrne dejiny |2 konspekt | |
| 080 | |a (437.6) |2 2011 | ||
| 080 | |a (082) |2 2011 | ||
| 080 | |a [930.85:08/09](091) |2 2011 | ||
| 210 | 0 | |a Kniha | |
| 222 | 0 | |a Kniha | |
| 245 | 0 | 0 | |a Kniha ... |b zborník pre problémy a dejiny knižnej kultúry na Slovensku |
| 246 | 3 | 3 | |a Dejiny knižnej kultúry Spiša |f 2013 |
| 260 | |a Martin |b Matica slovenská |c 1974-2023 | ||
| 260 | 3 | |3 2001-2023 |a Martin |b Slovenská národná knižnica | |
| 300 | |a 38 zv. |c 23-24 cm | ||
| 310 | |a 1x ročne | ||
| 362 | 0 | |a 1974-2023 | |
| 490 | 1 | |a Teória a výskum. Vedecké zborníky | |
| 500 | |a Súčasťou názvu je označenie časového rozpätia rokov resp. bežného roku | ||
| 500 | |a Podnázov od r. 1988: zborník o problémoch a dejinách knižnej kultúry na Slovensku | ||
| 500 | |a Zostavil: 1975-1981, Jozef Telgársky; 1982, Július Valach a Jozef Telgársky ; 1983-1984, Klára Komorová ; 1985-1986, Jana Čupová a kol. ; 1987, Jana Čupová ; 1988-2012, Miroslava Domová | ||
| 500 | |a Podnázov od r. 1993: zborník o problémoch a dejinách knižnej kultúry | ||
| 500 | |a Zostavila a redigovala: 2013, Alena Prokopová ; 2014, Alena Valjašková ; 2015 , Miroslava Soláriková ; 2016-2017, 2019-2020, Daniela Škulová ; 2021-2022, Stanislava Knapčoková ; 2023, Daniela Škulová | ||
| 500 | |a Ďalší podnázov od r. 2014: výskum dejín knižnej kultúry na Slovensku a v stredoeurópskom priestore | ||
| 500 | |a R. 2022 má výšku formátu 23 cm | ||
| 504 | |a Bibliografické odkazy ; menný register ; poznámky | ||
| 515 | |a Zborník 2018 nebol vydaný | ||
| 530 | |a Od r. 2024 online vydanie: Kniha (Online) = 2989-4158 | ||
| 546 | |a Čiastočný text aj nemecký, český, anglický ; resumé nemecké, anglické alebo slovenské | ||
| 650 | 0 | 7 | |a dejiny knižnej kultúry |2 SNKPH |9 71470 |
| 650 | 0 | 7 | |a History of books and reading |2 SNKPHeng |9 267129 |
| 651 | 7 | |a Slovensko |2 SNKPHgeo |9 14231 | |
| 651 | 7 | |a Slovakia |2 SNKPHeng |9 92630 | |
| 655 | 7 | |a zborníky |2 SNKPH |9 70165 | |
| 655 | 7 | |a Miscellanea |2 SNKPHeng |9 265155 | |
| 700 | 1 | |a Telgársky, Jozef, |d 1919-1998 |4 com |9 37662 | |
| 700 | 1 | |a Valach, Július, |d 1945- |4 com | |
| 700 | 1 | |a Komorová, Klára, |d 1949- |4 com |9 102797 | |
| 700 | 1 | |a Čupová, Jana, |d 1961- |4 com |9 167326 | |
| 700 | 1 | |a Domová, Miroslava, |d 1947-2026 |4 com |9 220852 | |
| 700 | 1 | |a Prokopová, Alena, |d 1982- |4 com |9 152084 | |
| 700 | 1 | |a Valjašková, Alena, |d 1982- |4 com |9 267130 | |
| 700 | 1 | |a Soláriková, Miroslava, |d 1987- |4 com |9 187723 | |
| 700 | 1 | |a Škulová, Daniela, |d 1987- |4 com |9 163082 | |
| 700 | 1 | |a Knapčoková, Stanislava, |d 1976- |4 com |9 161337 | |
| 776 | 0 | |t Kniha (Online) |x 2989-4158 | |
| 830 | 0 | |a Teória a výskum. Vedecké zborníky |9 266554 | |
| 852 | |a Štátna vedecká knižnica v Banskej Bystrici | ||
| 856 | 4 | |u https://casopiskniha.snk.sk/ | |
| 916 | |a 1974-2017, 2019, 2020, 2021 | ||
| 919 | |a 80-89023-19-3 | ||
| 919 | |a 80-89023-42-8 | ||
| 919 | |a 80-89023-55-X | ||
| 919 | |a 80-89023-81-9 | ||
| 919 | |a 978-80-89023-97-4 | ||
| 919 | |a 978-80-89301-22-5 | ||
| 919 | |a 978-80-89301-38-6 | ||
| 919 | |a 978-80-89301-60-7 | ||
| 919 | |a 978-80-89301-79-9 | ||
| 919 | |a 80-89023-05-3 | ||
| 919 | |a 80-7090-569-7 | ||
| 919 | |a 978-80-89301-96-6 | ||
| 919 | |a 978-80-8149-018-7 | ||
| 919 | |a 80-7090-005-9 | ||
| 919 | |a 80-7090-057-1 | ||
| 919 | |a 80-7090-251-5 | ||
| 919 | |a 80-7090-397-X | ||
| 919 | |a 80-7090-455-0 | ||
| 919 | |a 978-80-8149-037-8 | ||
| 919 | |a 978-80-8149-056-9 | ||
| 919 | |a 978-80-8149-072-9 | ||
| 919 | |a 978-80-8149-087-3 | ||
| 919 | |a 978-80-8149-120-7 | ||
| 919 | |a 978-80-8149-138-2 | ||
| 919 | |a 978-80-8149-149-8 | ||
| 919 | |a 978-80-8149-157-3 | ||
| 919 | |a 978-80-8149-165-8 | ||
| 958 | |a NB | ||
| 999 | |c 3362 |d 5292 | ||
| 952 | |a SNK |b SNK |y PREZ |7 0 |p 17A0075605 |o snkČSC 2368/1993-1994 |i snkKSP 2927/97 |8 0 |f 1 |0 0 |1 0 |4 0 |d 1997-03-17 |l 0 |r 2005-01-02 00:00:00 |w 2026-02-21 | ||
| 952 | |a SNK |b SNK |y PREZ |7 0 |p 17A0055375 |o snkČSC 2368/1993-1994 D1 |i snkKSP 2928/97 |0 0 |1 0 |4 0 |d 1997-03-17 |l 0 |r 2005-01-02 00:00:00 |w 2026-02-21 | ||
| 952 | |a SNK |b SNK |y PREZ |7 0 |p 17A0233585 |o snkČSC 2368/6-7/1979-1980 D11 |i snkD 937/81 |8 1 |0 0 |1 0 |4 0 |d 2009-03-09 |l 0 |r 2026-02-21 19:30:38 |w 2026-02-21 | ||
| 952 | |a SNK |b SNK |y PREZ |7 0 |p 17A0053118 |o snkČSC 2368/1990 D9 |0 0 |1 0 |4 0 |d 1997-03-12 |l 0 |r 2004-12-31 00:00:00 |w 2026-02-21 | ||
| 952 | |a SNK |b SNK |y PREZ |7 0 |p 17A0360207 |o snkČSC 2368/1990 D2 |i snkD 2833/90 |0 0 |1 0 |4 0 |d 2002-10-14 |l 0 |r 2004-12-31 00:00:00 |w 2026-02-21 | ||
| 952 | |a SNK |b SNK |y PREZ |7 0 |p 17A0416273 |o snkČSC 2368/2001-2002 |i snkPV 427/2004 |f 1 |0 0 |1 0 |4 0 |d 2004-04-15 |l 0 |r 2005-01-02 00:00:00 |w 2026-02-21 | ||
| 952 | |a SNK |b SNK |y PREZ |7 0 |p 17A0416274 |o snkČSC 2368/2001-2002 D1 |i snkPV 428/2004 |0 0 |1 0 |4 0 |d 2004-04-15 |l 0 |r 2005-01-02 00:00:00 |w 2026-02-21 | ||
| 952 | |a SNK |b SNK |y PREZ |7 0 |p 17A1522296 |o snkČSC 2368/2023 D1 |i snk2024/3706 |8 0 |0 0 |1 0 |4 0 |d 2024-03-05 |l 0 |r 2026-02-21 19:50:36 |w 2026-02-21 | ||
| 952 | |a SNK |b SNK |y PREZ |7 0 |p 17A1522295 |o snkČSC 2368/2023 |i snk2024/3705 |8 0 |0 0 |1 0 |4 0 |d 2024-03-05 |l 0 |r 2026-02-21 19:50:36 |w 2026-02-21 | ||
| 952 | |a SNK |b SNK |y PREZ |7 0 |p 17A0661149 |o snkČSC 2368/2009 |i snk2010/14920 |8 0 |f 1 |0 0 |1 0 |4 0 |d 2010-07-12 |l 0 |r 2026-02-21 19:53:35 |w 2026-02-21 | ||
| 952 | |a SNK |b SNK |y PREZ |7 0 |p 17A0661150 |o snkČSC 2368/2009 D1 |i snk2010/14921 |8 0 |0 0 |1 0 |4 0 |d 2010-07-12 |l 0 |r 2026-02-21 19:53:35 |w 2026-02-21 | ||
| 952 | |a SNK |b SNK |y PREZ |7 0 |p 17A1520796 |o snkČSC 2368/2022 |i snk2023/10733 |8 0 |0 0 |1 0 |4 0 |d 2023-07-12 |l 0 |r 2026-02-21 19:58:28 |w 2026-02-21 | ||
| 952 | |a SNK |b SNK |y PREZ |7 0 |p 17A1520797 |o snkČSC 2368/2022 D1 |i snk2023/10734 |8 0 |0 0 |1 0 |4 0 |d 2023-07-12 |l 0 |r 2026-02-21 19:58:28 |w 2026-02-21 | ||
| 952 | |a SNK |b SNK |y PREZ |7 0 |p 17A1460455 |o snkČSC 2368/2020 |i snk2021/11814 |8 0 |f 1 |0 0 |1 0 |4 0 |d 2021-09-07 |l 0 |r 2026-02-21 19:58:59 |w 2026-02-21 | ||
| 952 | |a SNK |b SNK |y PREZ |7 0 |p 17A1460456 |o snkČSC 2368/2020 D1 |i snk2021/11815 |8 0 |0 0 |1 0 |4 0 |d 2021-09-07 |l 0 |r 2026-02-21 19:58:59 |w 2026-02-21 | ||
| 952 | |a SNK |b SNK |y PREZ |7 0 |p 17A0515286 |o snkČSC 2368/1990 D1 |i snkKSP 9504/90 |0 0 |1 0 |4 0 |d 2006-06-26 |l 0 |r 2026-02-21 20:04:22 |w 2026-02-21 | ||
| 952 | |a SNK |b SNK |y NEVYP |7 1 |p 17A0510404 |o snkČSC 2368/2006 D2 |i snk2006/21665 |8 5 |0 0 |1 0 |4 0 |d 2006-10-24 |l 0 |r 2026-02-21 20:04:22 |w 2026-02-21 | ||
| 952 | |a SNK |b SNK |y NEVYP |7 1 |p 17A0510402 |o snkČSC 2368/2006 D3 |i snk2006/21666 |8 5 |0 0 |1 0 |4 0 |d 2006-10-24 |l 0 |r 2026-02-21 20:04:22 |w 2026-02-21 | ||
| 952 | |a SNK |b SNK |y PREZ |7 0 |p 17A0510403 |o snkČSC 2368/2006 D4 |i snk2006/21667 |8 5 |0 0 |1 0 |4 0 |d 2006-10-24 |l 0 |r 2026-02-21 20:04:22 |w 2026-02-21 | ||
| 952 | |a SNKPRIRUCN |b SNKPRIRUCN |y NEVYP |7 0 |p 17A0510400 |o snkČSC 2368/2006 D5 |i snk2006/21668 |8 5 |0 0 |1 0 |4 0 |d 2006-10-24 |l 0 |r 2026-02-21 20:04:22 |w 2026-02-21 | ||
| 952 | |a SNK |b SNK |y NEVYP |7 1 |p 17A0510398 |o snkČSC 2368/2006 D6 |i snk2006/21703 |8 5 |0 0 |1 0 |4 0 |d 2006-10-24 |l 0 |r 2026-02-21 20:04:27 |w 2026-02-21 | ||
| 952 | |a SNK |b SNK |y NEVYP |7 1 |p 17A0510399 |o snkČSC 2368/2006 D7 |i snk2006/21704 |8 5 |0 0 |1 0 |4 0 |d 2006-10-24 |l 0 |r 2026-02-21 20:04:27 |w 2026-02-21 | ||
| 952 | |a SNK |b SNK |y NEVYP |7 1 |p 17A0510401 |o snkČSC 2368/2006 D8 |i snk2006/21705 |8 5 |0 0 |1 0 |4 0 |d 2006-10-24 |l 0 |r 2026-02-21 20:04:27 |w 2026-02-21 | ||
| 952 | |a SNK |b SNK |y NEVYP |7 1 |p 17A0510405 |o snkČSC 2368/2006 D9 |i snk2006/21707 |8 5 |0 0 |1 0 |4 0 |d 2006-10-24 |l 0 |r 2026-02-21 20:04:27 |w 2026-02-21 | ||
| 952 | |a SNK |b SNK |y NEVYP |7 1 |p 17A0510394 |o snkČSC 2368/2006 D10 |i snk2006/21709 |8 5 |0 0 |1 0 |4 0 |d 2006-10-24 |l 0 |r 2026-02-21 20:04:27 |w 2026-02-21 | ||
| 952 | |a SNK |b SNK |y PREZ |7 0 |p 17A0672944 |o snkČSC 2368/2010 |i snk2011/4161 |8 0 |f 1 |0 0 |1 0 |4 0 |d 2011-02-23 |l 0 |r 2026-02-21 20:05:33 |w 2026-02-21 | ||
| 952 | |a SNK |b SNK |y PREZ |7 0 |p 17A0672945 |o snkČSC 2368/2010 D1 |i snk2011/4162 |8 0 |0 0 |1 0 |4 0 |d 2011-02-23 |l 0 |r 2026-02-21 20:05:33 |w 2026-02-21 | ||
| 952 | |a SNK |b SNK |y PREZ |7 0 |p 17A0574320 |o snkČSC 2368/2007 |i snk2008/1850 |8 0 |f 1 |0 0 |1 0 |4 0 |d 2008-01-24 |l 0 |r 2026-02-21 20:07:24 |w 2026-02-21 | ||
| 952 | |a SNK |b SNK |y PREZ |7 0 |p 17A0337869 |o snkČSC 2368/[5]/1978 D1 |0 0 |1 0 |4 0 |d 2002-03-21 |l 0 |r 2004-12-31 00:00:00 |w 2026-02-21 | ||
| 952 | |a SNK |b SNK |y PREZ |7 0 |p 17A0356822 |o snkČSC 2368/1990 D10 |i snkKSP 11487/2002 |0 0 |1 0 |4 0 |d 2002-09-23 |l 0 |r 2004-12-31 00:00:00 |w 2026-02-21 | ||
| 952 | |a SNK |b SNK |y PREZ |7 0 |p 17A1462263 |o snkČSC 2368/2021 |i snk2022/6092 |8 0 |f 1 |0 0 |1 0 |4 0 |d 2022-04-25 |l 0 |r 2026-02-21 20:09:59 |w 2026-02-21 | ||
| 952 | |a SNK |b SNK |y PREZ |7 0 |p 17A1462264 |o snkČSC 2368/2021 D1 |i snk2022/6093 |8 0 |0 0 |1 0 |4 0 |d 2022-04-25 |l 0 |r 2026-02-21 20:10:00 |w 2026-02-21 | ||
| 952 | |a SNK |b SNK |y NEVYP |7 1 |p 17A0510393 |o snkČSC 2368/2006 D14 |i snk2006/21484 |8 5 |0 0 |1 0 |4 0 |d 2006-10-26 |l 0 |r 2026-02-21 20:18:19 |w 2026-02-21 | ||
| 952 | |a SNK |b SNK |y NEVYP |7 1 |p 17A0510396 |o snkČSC 2368/2006 D15 |i snk2006/21876 |8 5 |0 0 |1 0 |4 0 |d 2006-10-26 |l 0 |r 2026-02-21 20:18:19 |w 2026-02-21 | ||
| 952 | |a SNK |b SNK |y NEVYP |7 1 |p 17A0510406 |o snkČSC 2368/2006 D16 |i snk2006/21882 |8 5 |0 0 |1 0 |4 0 |d 2006-10-26 |l 0 |r 2026-02-21 20:18:19 |w 2026-02-21 | ||
| 952 | |a SNK |b SNK |y NEVYP |7 1 |p 17A0510395 |o snkČSC 2368/2006 D11 |i snk2006/21763 |8 5 |0 0 |1 0 |4 0 |d 2006-10-25 |l 0 |r 2026-02-21 20:18:26 |w 2026-02-21 | ||
| 952 | |a SNK |b SNK |y NEVYP |7 1 |p 17A0510391 |o snkČSC 2368/2006 D12 |i snk2006/21766 |8 5 |0 0 |1 0 |4 0 |d 2006-10-25 |l 0 |r 2026-02-21 20:18:26 |w 2026-02-21 | ||
| 952 | |a SNK |b SNK |y NEVYP |7 1 |p 17A0510392 |o snkČSC 2368/2006 D13 |i snk2006/21771 |8 5 |0 0 |1 0 |4 0 |d 2006-10-25 |l 0 |r 2026-02-21 20:18:26 |w 2026-02-21 | ||
| 952 | |a SNK |b SNK |y PREZ |7 0 |p 17A0528255 |o snkČSC 2368/2006 |i snk2007/811 |8 0 |f 1 |0 0 |1 0 |4 0 |d 2007-01-11 |l 0 |r 2026-02-21 20:19:25 |w 2026-02-21 | ||
| 952 | |a SNK |b SNK |y PREZ |7 0 |p 17A0528256 |o snkČSC 2368/2006 D1 |i snk2007/812 |8 0 |0 0 |1 0 |4 0 |d 2007-01-11 |l 0 |r 2026-02-21 20:19:25 |w 2026-02-21 | ||
| 952 | |a SNK |b SNK |y PREZ |7 0 |p 17A0488147 |o snkČSC 2368/2008 |i snk2009/1987 |8 0 |f 1 |0 0 |1 0 |4 0 |d 2009-02-06 |l 0 |r 2026-02-21 20:20:36 |w 2026-02-21 | ||
| 952 | |a SNK |b SNK |y PREZ |7 0 |p 17A1382640 |o snkČSC 2368/1997-1998 |i snk2019/30676 |8 7 |f 1 |0 0 |1 0 |4 0 |d 2019-11-27 |l 0 |r 2026-02-21 20:21:11 |w 2026-02-21 | ||
| 952 | |a SNK |b SNK |y PREZ |7 0 |p 17A0195005 |o snkČSC 2368/1991-1992/D1 |i snkKSP 2928/97 |0 0 |1 0 |4 0 |d 1999-06-04 |l 0 |r 2004-12-31 00:00:00 |w 2026-02-21 | ||
| 952 | |a SNK |b SNK |y PREZ |7 0 |p 17A0093704 |o snkČSC 2368/1989 D9 |0 0 |1 0 |4 0 |d 1997-09-08 |l 0 |r 2005-01-02 00:00:00 |w 2026-02-21 | ||
| 952 | |a SNK |b SNK |y PREZ |7 0 |p 17A0093362 |o snkČSC 2368/1989 D3 |0 0 |1 0 |4 0 |d 1997-09-10 |l 0 |r 2005-01-02 00:00:00 |w 2026-02-21 | ||
| 952 | |a SNK |b SNK |y PREZ |7 0 |p 17A0135686 |o snkČSC 2368/1989 D1 |0 0 |1 0 |4 0 |d 1998-04-18 |l 0 |r 2005-01-02 00:00:00 |w 2026-02-21 | ||
| 952 | |a SNK |b SNK |y PREZ |7 0 |p 17A1030473 |o snkČSC 2368/2011 |i snk2012/12516 |8 0 |f 1 |0 0 |1 0 |4 0 |d 2012-06-27 |l 0 |r 2026-02-21 20:30:15 |w 2026-02-21 | ||
| 952 | |a SNK |b SNK |y PREZ |7 0 |p 17A1030474 |o snkČSC 2368/2011 D1 |i snk2012/12518 |8 0 |0 0 |1 0 |4 0 |d 2012-06-27 |l 0 |r 2026-02-21 20:30:15 |w 2026-02-21 | ||
| 952 | |a SNK |b SNK |y VYP |7 0 |p 17A0859177 |o snkČSC 2368/2013 D3 |i snkF 2014/3871 |8 5 |0 0 |1 0 |4 0 |d 2014-02-07 |l 0 |r 2026-02-21 20:32:02 |w 2026-02-21 | ||
| 952 | |a SNK |b SNK |y PREZ |7 0 |p 17A0859178 |o snkČSC 2368/2013 D4 |i snk2014/3874 |8 5 |0 0 |1 0 |4 0 |d 2014-02-07 |l 0 |r 2026-02-21 20:32:02 |w 2026-02-21 | ||
| 952 | |a SNK |b SNK |y PREZ |7 0 |p 17A0859181 |o snkČSC 2368/2013 |i snk2014/3897 |8 0 |f 1 |0 0 |1 0 |4 0 |d 2014-02-07 |l 0 |r 2026-02-21 20:32:02 |w 2026-02-21 | ||
| 952 | |a SNK |b SNK |y PREZ |7 0 |p 17A0859182 |o snkČSC 2368/2013 D1 |i snk2014/3898 |8 0 |0 0 |1 0 |4 0 |d 2014-02-07 |l 0 |r 2026-02-21 20:32:02 |w 2026-02-21 | ||
| 952 | |a SNK |b SNK |y PREZ |7 0 |p 17A0337618 |o snkČSC 2368/10-11/1983-1984 D2 |0 0 |1 0 |4 0 |d 2002-03-26 |l 0 |r 2004-12-31 00:00:00 |w 2026-02-21 | ||
| 952 | |a SNK |b SNK |y PREZ |7 0 |p 17A0135685 |o snkČSC 2368/[8]/1981 D1 |0 0 |1 0 |4 0 |d 1998-04-18 |l 0 |r 2004-12-31 00:00:00 |w 2026-02-21 | ||
| 952 | |a SNK |b SNK |y PREZ |7 0 |p 17A0245431 |o snkČSC 2368/[8]/1981 |i snkKSP 9464/82 |f 1 |0 0 |1 0 |4 0 |d 2000-07-18 |l 0 |r 2004-12-31 00:00:00 |w 2026-02-21 | ||
| 952 | |a SNK |b SNK |y PREZ |7 0 |p 17A0105248 |o snkČSC 2368/6-7/1979-1980 |i snkKSP 756/82 |f 1 |0 0 |1 0 |4 0 |d 1997-10-28 |l 0 |r 2004-12-31 00:00:00 |w 2026-02-21 | ||
| 952 | |a SNK |b SNK |y PREZ |7 0 |p 17A0397069 |o snkČSC 2368/6-7/1979-1980 D1 |0 0 |1 0 |4 0 |d 2000-04-04 |l 0 |r 2004-12-31 00:00:00 |w 2026-02-21 | ||
| 952 | |a SNK |b SNK |y PREZ |7 0 |p 17A0379404 |o snkČSC 2368/[5]/1978 |i snkKSP 825/81 |f 1 |0 0 |1 0 |4 0 |d 2003-04-25 |l 0 |r 2004-12-31 00:00:00 |w 2026-02-21 | ||
| 952 | |a SNK |b SNK |y PREZ |7 0 |p 17A0358297 |o snkČSC 2368/4/1977 |i snkKSP 3729/80 |f 1 |0 0 |1 0 |4 0 |d 2002-09-26 |l 0 |r 2004-12-31 00:00:00 |w 2026-02-21 | ||
| 952 | |a SNK |b SNK |y PREZ |7 0 |p 17A0104296 |o snkČSC 2368/3/1976 |i snkKSP 3331/79 |f 1 |0 0 |1 0 |4 0 |d 1997-10-24 |l 0 |r 2005-01-02 00:00:00 |w 2026-02-21 | ||
| 952 | |a SNK |b SNK |y PREZ |7 0 |p 17A0104326 |o snkČSC 2368/1991-1992 D3 |0 0 |1 0 |4 0 |d 1997-10-24 |l 0 |r 2005-01-02 00:00:00 |w 2026-02-21 | ||
| 952 | |a SNK |b SNK |y PREZ |7 0 |p 17A1070762 |o snkČSC 2368/2012 |i snk2013/12223 |8 0 |f 1 |0 0 |1 0 |4 0 |d 2013-05-29 |l 0 |r 2026-02-21 20:41:16 |w 2026-02-21 | ||
| 952 | |a SNK |b SNK |y PREZ |7 0 |p 17A1070763 |o snkČSC 2368/2012 D1 |i snk2013/12224 |8 0 |0 0 |1 0 |4 0 |d 2013-05-29 |l 0 |r 2026-02-21 20:41:16 |w 2026-02-21 | ||
| 952 | |a SNK |b SNK |y PREZ |7 0 |p 17A0127045 |o snkČSC 2368/1975 |i snkKSP 4510/97 |f 1 |0 0 |1 0 |4 0 |d 1998-03-04 |l 0 |r 2004-12-31 00:00:00 |w 2026-02-21 | ||
| 952 | |a SNK |b SNK |y PREZ |7 0 |p 17A0337866 |o snkČSC 2368/1975 D1 |0 0 |1 0 |4 0 |d 2002-03-21 |l 0 |r 2004-12-31 00:00:00 |w 2026-02-21 | ||
| 952 | |a SNK |b SNK |y PREZ |7 0 |p 17A0337864 |o snkČSC 2368/1974 D1 |0 0 |1 0 |4 0 |d 2002-03-21 |l 0 |r 2004-12-31 00:00:00 |w 2026-02-21 | ||
| 952 | |a SNK |b SNK |y PREZ |7 0 |p 17A0337867 |o snkČSC 2368/3/1976 D1 |0 0 |1 0 |4 0 |d 2002-03-21 |l 0 |r 2004-12-31 00:00:00 |w 2026-02-21 | ||
| 952 | |a SNK |b SNK |y PREZ |7 0 |p 17A0337868 |o snkČSC 2368/4/1977 D1 |0 0 |1 0 |4 0 |d 2002-03-21 |l 0 |r 2004-12-31 00:00:00 |w 2026-02-21 | ||
| 952 | |a SNK |b SNK |y PREZ |7 0 |p 17A0358145 |o snkČSC 2368/1974 |i snkKSP 2879/77 |f 1 |0 0 |1 0 |4 0 |d 2002-09-30 |l 0 |r 2004-12-31 00:00:00 |w 2026-02-21 | ||
| 952 | |a SNK |b SNK |y PREZ |7 0 |p 17A0135633 |o snkČSC 2368/[9]/1982 D1 |0 0 |1 0 |4 0 |d 1998-04-18 |l 0 |r 2004-12-31 00:00:00 |w 2026-02-21 | ||
| 952 | |a SNK |b SNK |y PREZ |7 0 |p 17A0252303 |o snkČSC 2368/1987 D1 |0 0 |1 0 |4 0 |d 2000-09-19 |l 0 |r 2004-12-31 00:00:00 |w 2026-02-21 | ||
| 952 | |a SNK |b SNK |y PREZ |7 0 |p 17A0301671 |o snkČSC 2368/1987 D2 |0 0 |1 0 |4 0 |d 2001-05-28 |l 0 |r 2004-12-31 00:00:00 |w 2026-02-21 | ||
| 952 | |a SNK |b SNK |y VYP |7 0 |p 17A0447724 |o snkČSC 2368/1987 D3 |i snkD 625/88 |0 0 |1 0 |4 0 |d 2004-11-16 |l 0 |r 2004-12-31 00:00:00 |w 2026-02-21 | ||
| 952 | |a SNK |b SNK |y PREZ |7 0 |p 17A1346196 |o snkČSC 2368/2012 D4 |i snk2013/13581 |8 5 |0 0 |1 0 |4 0 |d 2013-06-13 |l 0 |r 2026-02-21 20:50:46 |w 2026-02-21 | ||
| 952 | |a SNK |b SNK |y PREZ |7 0 |p 17A0866846 |o snkČSC 2368/2012 D5 |i snk2013/13584 |8 5 |0 0 |1 0 |4 0 |d 2013-06-13 |l 0 |r 2026-02-21 20:50:46 |w 2026-02-21 | ||
| 952 | |a SNK |b SNK |y PREZ |7 0 |p 17A0866847 |o snkČSC 2368/2012 D6 |i snk2013/13585 |8 5 |0 0 |1 0 |4 0 |d 2013-06-13 |l 0 |r 2026-02-21 20:50:46 |w 2026-02-21 | ||
| 952 | |a SNK |b SNK |y NEVYP |7 1 |p 17A0510390 |o snkČSC 2368/2006 D17 |i snk2006/26730 |8 5 |0 0 |1 0 |4 0 |d 2006-10-20 |l 0 |r 2026-02-21 20:58:41 |w 2026-02-21 | ||
| 952 | |a SNK |b SNK |y PREZ |7 0 |p 17A1045882 |o snkČSC 2368/2014 |i snk2015/6864 |8 0 |f 1 |0 0 |1 0 |4 0 |d 2015-02-26 |l 0 |r 2026-02-21 21:04:54 |w 2026-02-21 | ||
| 952 | |a SNK |b SNK |y PREZ |7 0 |p 17A1096044 |o snkČSC 2368/2014 D1 |i snk2015/6867 |8 0 |0 0 |1 0 |4 0 |d 2015-02-26 |l 0 |r 2026-02-21 21:04:54 |w 2026-02-21 | ||
| 952 | |a SNK |b SNK |y PREZ |7 0 |p 17A1045886 |o snkČSC 2368/2014 D5 |i snk2015/6880 |8 7 |0 0 |1 0 |4 0 |d 2015-02-26 |l 0 |r 2026-02-21 21:04:54 |w 2026-02-21 | ||
| 952 | |a SNK |b SNK |y PREZ |7 0 |p 17A0338098 |o snkČSC 2368/1999-2000 |i snkKSP 3301/2002 |f 1 |0 0 |1 0 |4 0 |d 2002-03-26 |l 0 |r 2005-01-02 00:00:00 |w 2026-02-21 | ||
| 952 | |a SNK |b SNK |y PREZ |7 0 |p 17A0338099 |o snkČSC 2368/1999-2000 D1 |i snkKSP 3302/2002 |0 0 |1 0 |4 0 |d 2002-03-26 |l 0 |r 2005-01-02 00:00:00 |w 2026-02-21 | ||
| 952 | |a SNK |b SNK |y PREZ |7 0 |p 17A0488493 |o snkČSC 2368/2005 |i snk2006/1335 |8 0 |f 1 |0 0 |1 0 |4 0 |d 2006-01-20 |l 0 |r 2026-02-21 21:08:49 |w 2026-02-21 | ||
| 952 | |a SNK |b SNK |y PREZ |7 0 |p 17A1386819 |o snkČSC 2368/2003-2004 D1 |i snk2005/6240 |8 0 |0 0 |1 0 |4 0 |d 2005-04-14 |l 0 |r 2026-02-21 21:20:41 |w 2026-02-21 | ||
| 952 | |a SNK |b SNK |y PREZ |7 0 |p 17A0446479 |o snkČSC 2368/2003-2004 |i snk2005/6241 |8 0 |f 1 |0 0 |1 0 |4 0 |d 2005-04-14 |l 0 |r 2026-02-21 21:20:41 |w 2026-02-21 | ||
| 952 | |a SNK |b SNK |y PREZ |7 0 |p 17A0252299 |o snkČSC 2368/1988 D1 |0 0 |1 0 |4 0 |d 2000-09-19 |l 0 |r 2004-12-31 00:00:00 |w 2026-02-21 | ||
| 952 | |a SNK |b SNK |y PREZ |7 0 |p 17A0193330 |o snkČSC 2368/1995-1996 |i snkKSP 2743/99 |f 1 |0 0 |1 0 |4 0 |d 1999-03-15 |l 0 |r 2005-01-02 00:00:00 |w 2026-02-21 | ||
| 952 | |a SNK |b SNK |y PREZ |7 0 |p 17A0185682 |o snkČSC 2368/1995-1996 D1 |i snkKSP 2744/99 |0 0 |1 0 |4 0 |d 1999-03-15 |l 0 |r 2005-01-02 00:00:00 |w 2026-02-21 | ||
| 952 | |a SNK |b SNK |y PREZ |7 0 |p 17A0030060 |o snkČSC 2368/1988 D9 |0 0 |1 0 |4 0 |d 1997-01-09 |l 0 |r 2005-01-01 00:00:00 |w 2026-02-21 | ||
| 952 | |a SNK |b SNK |y PREZ |7 0 |p 17A0611833 |o snkČSC 2368/[9]/1982 |i snkKSP 10406/83 |f 1 |0 0 |1 0 |4 0 |d 2009-02-26 |l 0 |r 2026-02-21 21:40:59 |w 2026-02-21 | ||
| 952 | |a SNK |b SNK |y PREZ |7 0 |p 17A1015044 |o snkČSC 2368/[10-11]/1983-1984 |i snkKSP 3750/86 |f 1 |0 0 |1 0 |4 0 |d 2014-08-21 |l 0 |r 2026-02-21 21:44:23 |w 2026-02-21 | ||
| 952 | |a SNK |b SNK |y PREZ |7 0 |p 17A1014489 |o snkČSC 2368/[12-13]/1985-1986 |i snkKSP 3992/87 |f 1 |0 0 |1 0 |4 0 |d 2014-08-21 |l 0 |r 2026-02-21 21:44:23 |w 2026-02-21 | ||
| 952 | |a SNK |b SNK |y PREZ |7 0 |p 17A1015033 |o snkČSC 2368/1987 |i snkKSP 2859/88 |f 1 |0 0 |1 0 |4 0 |d 2014-08-21 |l 0 |r 2026-02-21 21:44:23 |w 2026-02-21 | ||
| 952 | |a SNK |b SNK |y PREZ |7 0 |p 17A1015056 |o snkČSC 2368/1988 |i snkKSP 12007/88 |f 1 |0 0 |1 0 |4 0 |d 2014-08-21 |l 0 |r 2026-02-21 21:44:23 |w 2026-02-21 | ||
| 952 | |a SNK |b SNK |y PREZ |7 0 |p 17A1014597 |o snkČSC 2368/1989 |i snkKSP 5857/90 |f 1 |0 0 |1 0 |4 0 |d 2014-08-21 |l 0 |r 2026-02-21 21:44:23 |w 2026-02-21 | ||
| 952 | |a SNK |b SNK |y PREZ |7 0 |p 17A1014596 |o snkČSC 2368/1990 |i snkKSP 9503/90 |f 1 |0 0 |1 0 |4 0 |d 2014-08-21 |l 0 |r 2026-02-21 21:44:23 |w 2026-02-21 | ||
| 952 | |a SNK |b SNK |y PREZ |7 0 |p 17A1014706 |o snkČSC 2368/1991-1992 |i snkKSP 1246/94 |f 1 |0 0 |1 0 |4 0 |d 2014-08-21 |l 0 |r 2026-02-21 21:44:23 |w 2026-02-21 | ||
| 952 | |a SNK |b SNK |y PREZ |7 0 |p 17A1258259 |o snkČSC 2368/2016 |i snk2017/11462 |8 0 |f 1 |0 0 |1 0 |4 0 |d 2017-05-17 |l 0 |r 2026-02-21 22:11:29 |w 2026-02-21 | ||
| 952 | |a SNK |b SNK |y PREZ |7 0 |p 17A1206255 |o snkČSC 2368/2016 D1 |i snk2017/11463 |8 0 |0 0 |1 0 |4 0 |d 2017-05-17 |l 0 |r 2026-02-21 22:11:30 |w 2026-02-21 | ||
| 952 | |a SNK |b SNK |y PREZ |7 0 |p 17A1366793 |o snkČSC 2368/2017 D1 |i snk2019/16463 |8 0 |0 0 |1 0 |4 0 |d 2019-06-14 |l 0 |r 2026-02-21 22:14:33 |w 2026-02-21 | ||
| 952 | |a SNK |b SNK |y PREZ |7 0 |p 17A1366792 |o snkČSC 2368/2017 |i snk2019/16424 |8 0 |f 1 |0 0 |1 0 |4 0 |d 2019-06-13 |l 0 |r 2026-02-21 22:14:49 |w 2026-02-21 | ||
| 952 | |a SNK |b SNK |y PREZ |7 0 |p 17A1098800 |o snkČSC 2368/2015 D2 |i snk2016/11276 |8 7 |0 0 |1 0 |4 0 |d 2016-05-02 |l 0 |r 2026-02-21 22:16:41 |w 2026-02-21 | ||
| 952 | |a SNK |b SNK |y PREZ |7 0 |p 17A1386703 |o snkČSC 2368/2019 |i snk2020/3177 |8 0 |f 1 |0 0 |1 0 |4 0 |d 2020-02-11 |l 0 |r 2026-02-21 22:22:53 |w 2026-02-21 | ||
| 952 | |a SNK |b SNK |y PREZ |7 0 |p 17A1386704 |o snkČSC 2368/2019 D1 |i snk2020/3181 |8 0 |0 0 |1 0 |4 0 |d 2020-02-11 |l 0 |r 2026-02-21 22:22:53 |w 2026-02-21 | ||
| 952 | |a SNK |b SNK |y PREZ |7 0 |p 17A1382727 |o snkČSC 2368/1997-1998 D1 |i snk2020/3188 |8 7 |0 0 |1 0 |4 0 |d 2020-02-11 |l 0 |r 2026-02-21 22:22:53 |w 2026-02-21 | ||
| 952 | |a SNK |b SNK |y PREZ |7 0 |p 17A1098890 |o snkČSC 2368/2015 |i snk2016/13500 |8 0 |f 1 |0 0 |1 0 |4 0 |d 2016-05-24 |l 0 |r 2026-02-21 22:23:51 |w 2026-02-21 | ||
| 952 | |a SNK |b SNK |y PREZ |7 0 |p 17A1098891 |o snkČSC 2368/2015 D1 |i snk2016/13501 |8 0 |0 0 |1 0 |4 0 |d 2016-05-24 |l 0 |r 2026-02-21 22:23:52 |w 2026-02-21 | ||
| 952 | |t snkKNI/1974 09(082) |a SNKUST |b SNKUST |y PREZ |7 0 |p 17A0661776 |o snkČSC 2368/1974 D11 |i snk2010/21299 |8 5 |0 0 |1 0 |4 0 |d 2010-10-04 |l 0 |r 2025-03-21 00:00:00 |w 2026-02-21 | ||
| 952 | |t snkKNI/1975 09(082) |a SNKUST |b SNKUST |y PREZ |7 0 |p 17A0661777 |o snkČSC 2368/1975 D10 |i snk2010/21304 |8 5 |0 0 |1 0 |4 0 |d 2010-10-04 |l 0 |r 2025-03-21 00:00:00 |w 2026-02-21 | ||
| 952 | |t snkKNI/1976 09(082) |a SNKUST |b SNKUST |y PREZ |7 0 |p 17A0661778 |o snkČSC 2368/1976 D10 |i snk2010/21305 |8 5 |0 0 |1 0 |4 0 |d 2010-10-04 |l 0 |r 2025-03-21 00:00:00 |w 2026-02-21 | ||
| 952 | |t snkKNI/1978 09(082) |a SNKUST |b SNKUST |y PREZ |7 0 |p 17A0661780 |o snkČSC 2368/1978 D10 |i snk2010/21307 |8 5 |0 0 |1 0 |4 0 |d 2010-10-04 |l 0 |r 2025-03-21 00:00:00 |w 2026-02-21 | ||
| 952 | |t snkKNI/1979-1980 09(082) |a SNKUST |b SNKUST |y PREZ |7 0 |p 17A0661781 |o snkČSC 2368/1979-1980 D12 |i snk2010/21308 |8 5 |0 0 |1 0 |4 0 |d 2010-10-04 |l 0 |r 2025-05-29 00:00:00 |w 2026-02-21 | ||
| 952 | |t snkKNI/1981 09(082) |a SNKUST |b SNKUST |y PREZ |7 0 |p 17A0070928 |o snkČSC 2368/12/1981 D12 |8 5 |0 0 |1 0 |4 0 |d 2010-10-04 |l 0 |r 2025-03-21 00:00:00 |w 2026-02-21 | ||
| 952 | |t snkKNI/1982 09(082) |a SNKUST |b SNKUST |y PREZ |7 0 |p 17A0661783 |o snkČSC 2368/1982 D10 |i snk2010/21322 |8 5 |0 0 |1 0 |4 0 |d 2010-10-04 |l 0 |r 2025-03-21 00:00:00 |w 2026-02-21 | ||
| 952 | |t snkKNI/1983-1984 09(082) |a SNKUST |b SNKUST |y PREZ |7 0 |p 17A0661784 |o snkČSC 2368/1983-1984 D10 |i snk2010/21324 |8 5 |0 0 |1 0 |4 0 |d 2010-10-04 |l 0 |r 2025-05-29 00:00:00 |w 2026-02-21 | ||
| 952 | |t snkKNI/1985-1986 09(082) |a SNKUST |b SNKUST |y PREZ |7 0 |p 17A0661785 |o snkČSC 2368/1985-1986 D10 |i snk2010/21327 |8 5 |0 0 |1 0 |4 0 |d 2010-10-04 |l 0 |r 2025-05-29 00:00:00 |w 2026-02-21 | ||
| 952 | |t snkKNI/1987 09(082) |a SNKUST |b SNKUST |y PREZ |7 0 |p 17A0661786 |o snkČSC 2368/1987 D10 |i snk2010/21329 |8 5 |0 0 |1 0 |4 0 |d 2010-10-04 |l 0 |r 2025-03-21 00:00:00 |w 2026-02-21 | ||
| 952 | |t snkKNI/1988 09(082) |a SNKUST |b SNKUST |y PREZ |7 0 |p 17A0661787 |o snkČSC 2368/1988 D10 |i snk2010/21332 |8 5 |0 0 |1 0 |4 0 |d 2010-10-04 |l 0 |r 2025-03-21 00:00:00 |w 2026-02-21 | ||
| 952 | |t snkKNI/1989 09(082) |a SNKUST |b SNKUST |y PREZ |7 0 |p 17A0661788 |o snkČSC 2368/1989 D10 |i snk2010/21338 |8 5 |0 0 |1 0 |4 0 |d 2010-10-04 |l 0 |r 2025-03-21 00:00:00 |w 2026-02-21 | ||
| 952 | |t snkKNI/1991-1992 09(082) |a SNKUST |b SNKUST |y PREZ |7 0 |p 17A0661789 |o snkČSC 2368/1991-1992 D10 |i snk2010/21339 |8 5 |0 0 |1 0 |4 0 |d 2010-10-04 |l 0 |r 2025-05-29 00:00:00 |w 2026-02-21 | ||
| 952 | |t snkKNI/1993-1994 09(082) |a SNKUST |b SNKUST |y PREZ |7 0 |p 17A0661790 |o snkČSC 2368/1993-1994 D2 |i snk2010/21340 |8 5 |0 0 |1 0 |4 0 |d 2010-10-04 |l 0 |r 2025-05-29 00:00:00 |w 2026-02-21 | ||
| 952 | |t snkKNI/1995-1996 09(082) |a SNKUST |b SNKUST |y PREZ |7 0 |p 17A0661791 |o snkČSC 2368/1995-1996 D2 |i snk2010/21341 |8 5 |0 0 |1 0 |4 0 |d 2010-10-04 |l 0 |r 2025-05-29 00:00:00 |w 2026-02-21 | ||
| 952 | |t snkKNI/1997-1998 09(082) |a SNKUST |b SNKUST |y PREZ |7 0 |p 17A0661792 |o snkČSC 2368/1997-1998 D2 |i snk2010/21342 |8 5 |0 0 |1 0 |4 0 |d 2010-10-04 |l 0 |r 2025-05-29 00:00:00 |w 2026-02-21 | ||
| 952 | |t snkKNI/1999-2000 09(082) |a SNKUST |b SNKUST |y PREZ |7 0 |p 17A0296168 |o snkČSC 2368/1999-2000 D2 |8 5 |0 0 |1 0 |4 0 |d 2010-10-04 |l 0 |r 2025-05-29 00:00:00 |w 2026-02-21 | ||
| 952 | |t snkKNI/2001-2002 09(082) |a SNKUST |b SNKUST |y PREZ |7 0 |p 17A0661793 |o snkČSC 2368/2001-2002 D2 |i snk2010/21345 |8 5 |0 0 |1 0 |4 0 |d 2010-10-04 |l 0 |r 2025-05-30 00:00:00 |w 2026-02-21 | ||
| 952 | |t snkKNI/2006 09(082) |a SNKUST |b SNKUST |y PREZ |7 0 |p 17A0661794 |o snkČSC 2368/2006 D18 |i snk2010/21352 |8 5 |0 0 |1 0 |4 0 |d 2010-10-04 |l 0 |r 2025-03-21 00:00:00 |w 2026-02-21 | ||
| 952 | |t snkKNI/1990 09(082) |a SNKUST |b SNKUST |y PREZ |7 0 |p 17A0661893 |o snkČSC 2368/1990 D10 |i snk2010/21355 |8 5 |0 0 |1 0 |4 0 |d 2010-10-04 |l 0 |r 2025-03-21 00:00:00 |w 2026-02-21 | ||
| 952 | |t snkKNI/2022 09(082) |a SNKUST |b SNKUST |y PREZ |7 0 |p 17A1520798 |o snkČSC 2368/2022 D2 |i snk2023/10735 |8 7 |0 0 |1 0 |4 0 |d 2023-07-12 |l 0 |r 2025-03-21 00:00:00 |w 2026-02-21 | ||
| 952 | |t snkKNI/2020 09(082) |a SNKUST |b SNKUST |y PREZ |7 0 |p 17A1460457 |o snkČSC 2368/2020 D2 |i snk2021/11818 |8 7 |0 0 |1 0 |4 0 |d 2021-09-07 |l 0 |r 2025-03-21 00:00:00 |w 2026-02-21 | ||
| 952 | |t snkKNI/2021 09(082) |a SNKUST |b SNKUST |y PREZ |7 0 |p 17A1462265 |o snkČSC 2368/2021 D2 |i snk2022/6094 |8 7 |0 0 |1 0 |4 0 |d 2022-04-25 |l 0 |r 2025-03-21 00:00:00 |w 2026-02-21 | ||
| 952 | |t snkKNI/1977 09(082) |a SNKUST |b SNKUST |y PREZ |7 0 |p 17A0661779 |o snkČSC 2368/1977 D10 |i snk2010/21306 |8 5 |0 0 |1 0 |4 0 |d 2010-10-04 |l 0 |r 2025-03-21 00:00:00 |w 2026-02-21 | ||
| 952 | |t snkKNI/2008 09(082) |a SNKUST |b SNKUST |y PREZ |7 0 |p 17A0488148 |o snkČSC 2368/2008 D1 |i snk2009/1988 |8 0 |0 0 |1 0 |4 0 |d 2009-02-06 |l 0 |r 2025-03-21 00:00:00 |w 2026-02-21 | ||
| 952 | |t snkKNI/2007 09(082) |a SNKUST |b SNKUST |y PREZ |7 0 |p 17A0574321 |o snkČSC 2368/2007 D1 |i snk2008/1851 |8 0 |0 0 |1 0 |4 0 |d 2008-01-24 |l 0 |r 2025-03-21 00:00:00 |w 2026-02-21 | ||
| 952 | |t snkKNI/2009 09(082) |a SNKUST |b SNKUST |y PREZ |7 0 |p 17A0809367 |o snkČSC 2368/2009 D2 |i snk2012/18366 |8 5 |0 0 |1 0 |4 0 |d 2012-09-19 |l 0 |r 2025-03-21 00:00:00 |w 2026-02-21 | ||
| 952 | |t snkKNI/2010 09(082) |a SNKUST |b SNKUST |y PREZ |7 0 |p 17A0809368 |o snkČSC 2368/2010 D2 |i snk2012/18367 |8 5 |0 0 |1 0 |4 0 |d 2012-09-19 |l 0 |r 2025-03-21 00:00:00 |w 2026-02-21 | ||
| 952 | |t snkKNI/2011 09(082) |a SNKUST |b SNKUST |y PREZ |7 0 |p 17A0644109 |o snkČSC 2368/2011 D2 |i snk2012/18368 |8 5 |0 0 |1 0 |4 0 |d 2012-09-19 |l 0 |r 2025-03-21 00:00:00 |w 2026-02-21 | ||
| 952 | |t snkKNI/2013 09(082) |a SNKUST |b SNKUST |y PREZ |7 0 |p 17A0859176 |o snkČSC 2368/2013 D2 |i snk2014/3866 |8 5 |0 0 |1 0 |4 0 |d 2014-02-07 |l 0 |r 2025-03-21 00:00:00 |w 2026-02-21 | ||
| 952 | |t snkKNI/2012 09(082) |a SNKUST |b SNKUST |y PREZ |7 0 |p 17A0866843 |o snkČSC 2368/2012 D2 |i snk2013/13575 |8 5 |0 0 |1 0 |4 0 |d 2013-06-13 |l 0 |r 2025-03-21 00:00:00 |w 2026-02-21 | ||
| 952 | |t snkKNI/2014 09(082) |a SNKUST |b SNKUST |y PREZ |7 0 |p 17A1045883 |o snkČSC 2368/2014 D2 |i snk2015/6870 |8 7 |0 0 |1 0 |4 0 |d 2015-02-26 |l 0 |r 2025-03-21 00:00:00 |w 2026-02-21 | ||
| 952 | |t snkKNI/2005 09(082) |a SNKUST |b SNKUST |y PREZ |7 0 |p 17A0488492 |o snkČSC 2368/2005 D1 |i snk2006/1334 |8 0 |0 0 |1 0 |4 0 |d 2006-01-20 |l 0 |r 2025-03-21 00:00:00 |w 2026-02-21 | ||
| 952 | |t snkKNI/2003-2004 09(082) |a SNKUST |b SNKUST |y PREZ |7 0 |p 17A0446486 |o snkČSC 2368/2003-2004 D2 |i snk2005/6243 |8 5 |0 0 |1 0 |4 0 |d 2005-04-14 |l 0 |r 2025-05-30 00:00:00 |w 2026-02-21 | ||
| 952 | |t snkKNI/2015 09(082) |a SNKUST |b SNKUST |y PREZ |7 0 |p 17A1266657 |o snkČSC 2368/2015 D3 |i snk2018/896 |8 7 |0 0 |1 0 |4 0 |d 2018-01-12 |l 0 |r 2025-03-21 00:00:00 |w 2026-02-21 | ||
| 952 | |t snkKNI/2017 09(082) |a SNKUST |b SNKUST |y PREZ |7 0 |p 17A1366794 |o snkČSC 2368/2017 D2 |i snk2019/16466 |8 7 |0 0 |1 0 |4 0 |d 2019-06-19 |l 0 |r 2025-03-21 00:00:00 |w 2026-02-21 | ||
| 952 | |t snkKNI/2019 09(082) |a SNKUST |b SNKUST |y PREZ |7 0 |p 17A1386705 |o snkČSC 2368/2019 D2 |i snk2020/3183 |8 7 |0 0 |1 0 |4 0 |d 2020-02-11 |l 0 |r 2025-03-21 00:00:00 |w 2026-02-21 | ||
| 952 | |t snkKNI/2016 09(082) |a SNKUST |b SNKUST |y PREZ |7 0 |p 17A1266658 |o snkČSC 2368/2016 D2 |i snk2018/898 |8 7 |0 0 |1 0 |4 0 |d 2018-01-12 |l 0 |r 2025-03-21 00:00:00 |w 2026-02-21 | ||
| 952 | |a SNKLM |b SNKLM |y NEVYP |7 0 |p 17A0859179 |o snkČSC 2368/2013 D5 |i snk2014/3875 |8 5 |0 0 |1 0 |4 0 |d 2014-02-07 |l 0 |r 2026-02-21 22:31:55 |w 2026-02-21 | ||
| 952 | |a SNKLM |b SNKLM |y NEVYP |7 0 |p 17A1045884 |o snkČSC 2368/2014 D3 |i snk2015/6873 |8 7 |0 0 |1 0 |4 0 |d 2015-02-26 |l 0 |r 2026-02-21 22:31:56 |w 2026-02-21 | ||
| 952 | |a SNKLA |b SNKLA |c SNKLA_ST |y PREZ |7 0 |p 17A1464526 |o snkČSC 2368/2020 D3 |i snk2023/1825 |8 7 |0 0 |1 0 |4 0 |d 2023-01-30 |l 0 |r 2026-02-21 22:35:31 |w 2026-02-21 | ||
| 952 | |a SNKLA |b SNKLA |c SNKLA_ST |y PREZ |7 0 |p 17A1464527 |o snkČSC 2368/2021 D3 |i snk2023/1827 |8 7 |0 0 |1 0 |4 0 |d 2023-01-30 |l 0 |r 2026-02-21 22:35:31 |w 2026-02-21 | ||
| 952 | |a SNKLA |b SNKLA |c SNKLA_ST |y PREZ |7 0 |p 17A0859180 |o snkČSC 2368/2013 D6 |i snk2014/3878 |8 5 |0 0 |1 0 |4 0 |d 2014-02-07 |l 0 |r 2026-02-21 22:35:31 |w 2026-02-21 | ||
| 952 | |a SNKLA |b SNKLA |c SNKLA_ST |y PREZ |7 0 |p 17A0866844 |o snkČSC 2368/2012 D3 |i snk2013/13577 |8 5 |0 0 |1 0 |4 0 |d 2013-06-13 |l 0 |r 2026-02-21 22:35:31 |w 2026-02-21 | ||
| 952 | |a SNKLA |b SNKLA |c SNKLA_ST |y PREZ |7 0 |p 17A1045885 |o snkČSC 2368/2014 D4 |i snk2015/6877 |8 7 |0 0 |1 0 |4 0 |d 2015-02-26 |l 0 |r 2026-02-21 22:35:31 |w 2026-02-21 | ||
| 952 | |a SNKLA |b SNKLA |c SNKLA_ST |y PREZ |7 0 |p 17A1366795 |o snkČSC 2368/2017 D3 |i snk2019/16497 |8 7 |3 Príručná knižnica |0 0 |1 0 |4 0 |d 2019-06-14 |l 0 |r 2026-02-21 22:35:31 |w 2026-02-21 | ||
| 952 | |a SNKLA |b SNKLA |c SNKLA_ST |y PREZ |7 0 |p 17A1339832 |o snkČSC 2368/2015 D4 |i snk2019/2867 |8 7 |0 0 |1 0 |4 0 |d 2019-01-31 |l 0 |r 2026-02-21 22:35:31 |w 2026-02-21 | ||
| 952 | |a SNKLA |b SNKLA |c SNKLA_ST |y PREZ |7 0 |p 17A1339833 |o snkČSC 2368/2016 D3 |i snk2019/2869 |8 7 |0 0 |1 0 |4 0 |d 2019-01-31 |l 0 |r 2026-02-21 22:35:31 |w 2026-02-21 | ||


